A student's guide to presentations: making your presentation count (Record no. 58767)

MARC details
000 -LEADER
fixed length control field 00784nam a2200193 a 4500
008 - FIXED-LENGTH DATA ELEMENTS--GENERAL INFORMATION
fixed length control field 130909s2007 ||||||||||||||||| || u
020 ## - INTERNATIONAL STANDARD BOOK NUMBER
International Standard Book Number 9780761943693
050 ## - LIBRARY OF CONGRESS CALL NUMBER
Classification number PN 4192.S78 CHI
100 ## - MAIN ENTRY--PERSONAL NAME
Personal name Chivers, Barbara
245 10 - TITLE STATEMENT
Title A student's guide to presentations: making your presentation count
Statement of responsibility, etc. by Barbara Chivers and Michael Shoolbred
260 ## - PUBLICATION, DISTRIBUTION, ETC.
Place of publication, distribution, etc. Los Angeles:
Name of publisher, distributor, etc. SAGE Publications
Date of publication, distribution, etc. 2007
300 ## - PHYSICAL DESCRIPTION
Extent x, 166p.: ill.
490 ## - SERIES STATEMENT
Series statement SAGE Study Skills
650 ## - SUBJECT ADDED ENTRY--TOPICAL TERM
Topical term or geographic name entry element PUBLIC SPEAKING
650 #0 - SUBJECT ADDED ENTRY--TOPICAL TERM
Topical term or geographic name entry element DISSERTATIONS, ACADEMIC
650 ## - SUBJECT ADDED ENTRY--TOPICAL TERM
Topical term or geographic name entry element ORAL COMMUNICATIONS--STUDY AND TEACHING (HIGHER)
700 ## - ADDED ENTRY--PERSONAL NAME
Personal name Shoolbred, Michael
995 ## - RECOMMENDATION 995 [LOCAL, UNIMARC FRANCE]
-- CBU-MAIN LIBRARY (Kitwe)
-- 1
-- AVAILABLE
-- Sep 26, 2013
-- Main Library Open Access Collection
Holdings
Withdrawn status Lost status Source of classification or shelving scheme Damaged status Not for loan Home library Current library Shelving location Date acquired Total Checkouts Full call number Barcode Date last seen Price effective from Koha item type
          CBU-MAIN LIBRARY, KITWE. CBU-MAIN LIBRARY, KITWE.   11/30/2022   PN 4192.S78 CHI 744443 11/30/2022 11/30/2022 MONOGRAPH